000 00484nam a2200193 a 4500
001 1771139648517
003 YourLibrary
005 20260215124633.0
008 260215s2001##################000#0#eng##
020 _a9780877881384
082 0 4 _a248.4
_bELS
100 1 _aElsheimer, Janice,
_eauthor.
245 1 0 _aThe Creative Call :
260 _bShaw Books,
_c2001.
300 _a226 pages
650 0 _aSelf-Help.
942 _cENGLISH
040 _aYourLibrary
_beng
_cYourLibrary
999 _c612654
_d612654